LEADER 01299nam 2200349Ia 450 001 996385334103316 005 20221108103324.0 035 $a(CKB)4940000000074763 035 $a(EEBO)2248537033 035 $a(OCoLC)12044512 035 $a(EXLCZ)994940000000074763 100 $a19850516d1647 uy | 101 0 $aeng 135 $aurbn||||a|bb| 200 14$aThe arraignment of licentious liberty, and oppressing tyranny$b[electronic resource] $ein a sermon preached before the right honourable House of Peers, in the Abbey-church at Westminster, on the the day of their solemn monethly fast, Febr. 24. 1646 /$fby Nathanaell Hardy .. 210 $aLondon $cPrinted by R.L. for Nathanaell Webb and William Grantham ...$d1647 215 $a[6], 42 p 300 $aReproduction of original in Union Theological Seminary Library, New York. 330 $aeebo-0160 606 $aFast-day sermons 606 $aSermons, English$y17th century 615 0$aFast-day sermons. 615 0$aSermons, English 700 $aHardy$b Nathaniel$f1618-1670.$0821523 801 0$bEAA 801 1$bEAA 801 2$bm/c 801 2$bWaOLN 906 $aBOOK 912 $a996385334103316 996 $aThe arraignment of licentious liberty and oppressing tyranny$92316924 997 $aUNISA LEADER 01472cam a2200289 i 4500 001 991001713839707536 005 20020507150856.0 008 991220s1976 it 100 0 ita d 035 $ab11553364-39ule_inst 035 $aLE02723695$9ExL 040 $aDip.to Studi Giuridici$bita 082 0 $a340.54 245 00$aAccademia romanistica Costantiniana :$batti del 2. Convegno internazionale : (Spello-Isola Polvese sul Trasimeno-Montefalco, 18-20 settembre 1975) /$cAccademia romanistica Costantiniana 260 $aPerugia :$bLibreria Universitaria,$c1976 300 $avi, 354 p. ;$c24 cm 500 $aAppendice di Mario A. Levi. - In testa al front.: Universita degli studi di Perugia, Facolta di giurisprudenza 650 4$aDiritto romano$xStoria$xCongressi 700 1 $aLevi, Mario A. 710 1 $aAccademia romanistica Costantiniana$eauthor$4http://id.loc.gov/vocabulary/relators/aut$0240708 907 $a.b11553364$b21-09-06$c02-07-02 912 $a991001713839707536 945 $aLE027 ARCHI S 167$g2$iLE027-6684$lle027$o-$pE0.00$q-$rl$s- $t0$u0$v0$w0$x0$y.i11753766$z02-07-02 945 $aLE027 R-XXII 1.2 (II)$g1$iLE027CL-1268$lle027$o-$pE0.00$q-$rn$so $t0$u0$v0$w0$x0$y.i11753778$z02-07-02 945 $aLE027 R-XXII 1 (II)$g1$i2027000226160$lle027$o-$pE0.00$q-$rn$so $t0$u0$v0$w0$x0$y.i1175378x$z02-07-02 996 $aAccademia romanistica costantiniana$91451880 997 $aUNISALENTO 998 $ale027$b01-01-99$cm$da $e-$fita$git $h0$i3